| 000 | 01057nam a2200205 a 4500 | ||
|---|---|---|---|
| 008 | 120416s1982 ||||||||||||||||| || u | ||
| 020 | _a0316179248 | ||
| 050 | _aPE 1417 Dec | ||
| 100 | _aDecker, Randall E | ||
| 245 | 1 | 0 | _aPatterns of exposition 8 |
| 260 |
_aBoston: _bLittle, Brown and Company _c1982 |
||
| 300 | _axxi, 424p. | ||
| 350 | _a0.00 | ||
| 650 | 0 | _aEXPOSITION (RHETORIC) | |
| 650 | _aCOLLEGE READERS | ||
| 995 |
_D0.00 _FCBU-MAIN LIBRARY (Kitwe) _H4 _I9.95 _M4 _UAVAILABLE _ZAnnex Low-Usage Collection |
||
| 995 |
_D0.00 _FCBU-MAIN LIBRARY (Kitwe) _H1 _I9.95 _M1 _UAVAILABLE _ZAnnex Low-Usage Collection |
||
| 995 |
_D0.00 _FCBU-MAIN LIBRARY (Kitwe) _H3 _I9.95 _M3 _UAVAILABLE _ZAnnex Low-Usage Collection |
||
| 995 |
_D0.00 _FCBU-MAIN LIBRARY (Kitwe) _H2 _I9.95 _M2 _UAVAILABLE _ZAnnex Low-Usage Collection |
||
| 999 |
_c81763 _d81763 |
||